00387nam a2200121Ia 4500003000400000005001700004008004100021040001800062041000800080100004700088245009800135260003200233OSt20260123094226.0211028s2016 xx 000 0 und d cAIMIT LIBRARY aeng aLobo, Antony Darrel; Dias, Beena.g1416016 aStudy on the factors influencing employee engagment with special reference to fbb Mangalore / aMangalorebBeena Diasc2016